000 00736nam a2200289Ia 4500
005 20260324134215.0
008 008 260324s9999 xx 000 0 eng d
020 _a9781315290416
037 _aEBOOK
040 _aCRL
040 _beng
040 _cCRL
041 _2eng
041 _aeng
084 _qCRL
100 _aChien-Min Chao; Bruce Dickson
_91195972
245 0 _aAssessing the Lee Teng-hui Legacy in Taiwan's Politics
245 0 _bDemocratic Consolidation and External Relations
260 _bTaylor and Francis
260 _c2002
365 _a
365 _b290
856 _uhttp://www.taylorfrancis.com/books/9781315290416
942 _cEBOOK
999 _c1795783
_d1795783